000 00333nam a2200133Ia 4500
005 20260328104309.0
008 260328s9999||||xx |||||||||||||| ||und||
100 _aCrouch, Edith
245 4 _aThe Mola :
_b traditional kuna textile art /
_cEdith Crouch
260 _bSchiffer
300 _a256 p.
650 _aPANAMÁ
942 _cBK
999 _c10879
_d10879